Loading...
| Fine Arts - Classical Music | 8 | 8.75 | 88% | 0% | 0% |
| Fine Arts - Other | 6 | 8.33 | 67% | 17% | 0% |
| Fine Arts - Painting and Sculpture | 5 | 16.00 | 100% | 60% | 0% |
| Geography | 1 | 20.00 | 100% | 100% | 0% |
| History - American | 5 | 16.00 | 100% | 40% | 20% |
| History - European | 4 | 15.00 | 100% | 50% | 0% |
| History - Other | 7 | 10.00 | 86% | 14% | 0% |
| History - World | 3 | 16.67 | 67% | 67% | 33% |
| Literature - American | 3 | 13.33 | 100% | 33% | 0% |
| Literature - British | 5 | 6.00 | 60% | 0% | 0% |
| Literature - European | 5 | 10.00 | 80% | 20% | 0% |
| Literature - World | 5 | 6.00 | 60% | 0% | 0% |
| Mythology | 2 | 15.00 | 100% | 50% | 0% |
| Other Academic | 3 | 6.67 | 67% | 0% | 0% |
| Philosophy | 5 | 10.00 | 80% | 20% | 0% |
| Pop Culture | 2 | 15.00 | 50% | 100% | 0% |
| Religion | 6 | 11.67 | 67% | 33% | 17% |
| Science - Biology | 5 | 12.00 | 100% | 20% | 0% |
| Science - Chemistry | 2 | 10.00 | 100% | 0% | 0% |
| Science - Other | 3 | 16.67 | 100% | 67% | 0% |
| Science - Physics | 5 | 18.00 | 100% | 60% | 20% |
| Social Science | 5 | 6.00 | 60% | 0% | 0% |